Hajdísz – bizsu üzlet alapítása és üzleti tervének elkészítése

Bibliographic Details
Main Author: Dombóvári Dávid
Other Authors: Katz György
Format: Final Paper
Kulcsszavak:Mammut bevásárló központ
Hajdísz-bizsu
Piacelemzés
Eredménykimutatás
Online Access:http://dolgozattar.uni-bge.hu/1390

MARC

LEADER 00000nta a2200000 i 4500
001 dolg1390
005 20170916115136.0
008 141215suuuu hu o 000 hun d
040 |a BGE Dolgozattár Repozitórium  |b hun 
041 |a hu 
100 1 |a Dombóvári Dávid 
245 1 0 |a Hajdísz – bizsu üzlet alapítása és üzleti tervének elkészítése  |c Dombóvári Dávid  |h [elektronikus dokumentum] 
246 1 1 |a Hajdísz – bizsu üzlet alapítása és üzleti tervének elkészítése 
516 |a Final_paper 
695 |a Mammut bevásárló központ 
695 |a Hajdísz-bizsu 
695 |a Piacelemzés 
695 |a Eredménykimutatás 
700 1 |a Katz György  |e ths 
856 4 0 |u http://dolgozattar.uni-bge.hu/1390/1/Z%C3%A1r%C3%B3dolgozat-Domb%C3%B3v%C3%A1ri%20D%C3%A1vid.pdf  |z Dokumentum-elérés